El tizón de la nobleza de España

محفوظ في:
التفاصيل البيبلوغرافية
المؤلف الرئيسي: Mendoza y Bobadilla, Francisco de (autor)
التنسيق: كتاب
اللغة:الإسبانية
منشور في: Ciudad de México Frente de Afirmación Hispanista 1999
الموضوعات:
الوسوم: إضافة وسم
لا توجد وسوم, كن أول من يضع وسما على هذه التسجيلة!

MARC

LEADER 00000nam a2200000 a 4500
001 UCP6301
003 CL-VaPUC
008 991021e19990000MX |||||||||||||||||spa|d
082 0 4 |a 946  |b MEN  |2 21 
100 |a Mendoza y Bobadilla, Francisco de  |e autor  |9 435322 
245 1 3 |a El tizón de la nobleza de España 
300 |a 235 p 
942 |c BK 
945 |d 19991021 00:00:00  |a rbrito 
260 |a Ciudad de México  |b Frente de Afirmación Hispanista  |c 1999 
650 7 |a HISTORIA DE ESPAÑA SIGLO 16  |2 CL-VaPUC  |9 318547 
650 7 |a MONARQUIA ESPAÑOLA  |2 CL-VaPUC  |9 435323 
651 0 |a España  |9 254926 
583 |a last modification  |c 20160817 04:28:36  |k Rodrigo Vera 
999 |c 283895  |d 283893 
952 |0 0  |1 0  |4 0  |6 946_000000000000000_MEN_1999  |7 0  |8 A  |9 327426  |a BIBEDU  |b BIBEDU  |d 2019-11-20  |i 3561844  |l 1  |o 946 MEN 1999  |p 3561844  |r 2025-04-25  |s 2025-04-25  |w 2019-11-20  |y BK  |k LIT